Champions League Players with Multiple Hat-tricks - Statistics

General Stats
  • This quiz has been taken 59 times
  • The average score is 14 of 24
Answer Stats
# Player Nationality % Correct
8 Cristiano Ronaldo Portugal
100%
8 Lionel Messi Argentina
100%
3 Neymar Brazil
98%
6 Robert Lewandowski Poland
98%
3 Kylian Mbappé France
92%
2 Erling Haaland Norway
89%
4 Karim Benzema France
89%
2 Didier Drogba Ivory Coast
85%
2 Andriy Shevchenko Ukraine
83%
2 Samuel Eto'o Cameroon
83%
2 Harry Kane England
77%
2 Sergio Agüero Argentina
68%
2 Ruud van Nistelrooy Netherlands
64%
3 Filippo Inzaghi Italy
58%
3 Mario Gómez Germany
55%
2 Olivier Giroud France
42%
3 Luiz Adriano Brazil
36%
2 Adriano Brazil
34%
2 Michael Owen England
34%
2 Roy Makaay Netherlands
23%
2 Andy Cole England
15%
2 Gabriel Jesus Brazil
15%
2 Roberto Soldado Spain
6%
2 Marco Simone Italy
4%
No matching quizzes found
Score Distribution
Percent of People with Each Score
Percentile by Number Answered
Your Score History
You have not taken this quiz